[Event "New Delhi Parsvnath op 7th"]
[Site "New Delhi"]
[Date "2009.01.13"]
[Round "4"]
[White "Sharma, Harish"]
[Black "Sharma, Dinesh Kumar"]
[Result "1/2-1/2"]
[WhiteElo "2091"]
[BlackElo "2394"]
[PlyCount "92"]
[EventDate "2009.01.11"]
[EventType "swiss"]
[EventRounds "10"]
[EventCountry "IND"]
[SourceTitle "CBM 128 Extra"]
[Source "ChessBase"]
[SourceDate "2009.03.05"]
[SourceVersion "2"]
[SourceVersionDate "2009.03.25"]
[SourceQuality "1"]

1. e4 c5 2. Nf3 Nc6 3. d4 cxd4 4. Nxd4 e6 5. c3 Qc7 6. Be3 Nf6 7. Bd3 d5 8. exd5 Nxd5 9. 0-0 Nxe3 10. fxe3 Ne5 11. Bb5+ Bd7 12. Qa4 a6 13. Bxd7+ Qxd7 14. Qc2 Bd6 15. Qe2 0-0 16. Nd2 Bc7 17. Ne4 Qe7 18. Qh5 f6 19. Qe2 Rae8 20. Nf2 Bb8 21. Nf3 Nc6 22. e4 Qc5 23. g3 Qh5 24. Kg2 Ne5 25. Rfe1 Nxf3 26. Qxf3 Qxf3+ 27. Kxf3 Rd8 28. Rad1 Kf7 29. Rxd8 Rxd8 30. Rd1 Rxd1 31. Nxd1 Ke7 32. Ne3 h5 33. h3 Kd6 34. Nc4+ Kc5 35. Ne3 a5 36. g4 hxg4+ 37. hxg4 a4 38. Ke2 Bf4 39. Ng2 Bg5 40. b3 axb3 41. axb3 g6 42. Ne1 f5 43. Nd3+ Kc6 44. Kf3 b5 45. c4 bxc4 46. bxc4 Bd2 1/2-1/2

[Event "IND Railways-ch"]
[Site "Chennai"]
[Date "2006.07.28"]
[Round "4"]
[White "Murali Krishnan, BT."]
[Black "Sharma, Harish"]
[Result "1-0"]
[WhiteElo "2337"]
[BlackElo "2103"]
[PlyCount "73"]
[EventDate "2006.07.27"]
[EventType "tourn"]
[EventRounds "9"]
[EventCountry "IND"]
[SourceTitle "EXT 2010"]
[Source "ChessBase"]
[SourceDate "2010.11.25"]
[SourceVersion "1"]
[SourceVersionDate "2010.11.25"]
[SourceQuality "1"]

1. d4 d5 2. c4 c6 3. cxd5 cxd5 4. Nc3 a6 5. Bf4 Nc6 6. e3 Nf6 7. Bd3 e6 8. Rc1 Bd6 9. Bg3 0-0 10. Nf3 h6 11. 0-0 Bxg3 12. hxg3 Bd7 13. a3 Ng4 14. Na4 f5 15. Nc5 Rb8 16. b4 Qe7 17. Qb3 Nd8 18. Rc3 Bc6 19. Rfc1 Qf7 20. a4 Qh5 21. b5 axb5 22. axb5 Be8 23. Qa3 b6 24. Na6 Ra8 25. Qd6 Qg6 26. Qxb6 Nf7 27. Nc7 Ra2 28. Nxd5 Kh8 29. Nf4 Qf6 30. R3c2 Rxc2 31. Rxc2 Bd7 32. Qa7 e5 33. Qxd7 exf4 34. gxf4 g6 35. Rc6 Qd8 36. Qxd8 Rxd8 37. Rxg6 1-0

[Event "IND Railways-ch"]
[Site "Chennai"]
[Date "2006.07.27"]
[Round "2"]
[White "Saurabh, Kherdekar"]
[Black "Sharma, Harish"]
[Result "1-0"]
[WhiteElo "2240"]
[BlackElo "2103"]
[PlyCount "101"]
[EventDate "2006.07.27"]
[EventType "tourn"]
[EventRounds "9"]
[EventCountry "IND"]
[SourceTitle "EXT 2010"]
[Source "ChessBase"]
[SourceDate "2010.11.25"]
[SourceVersion "1"]
[SourceVersionDate "2010.11.25"]
[SourceQuality "1"]

1. Nf3 Nf6 2. c4 c5 3. Nc3 Nc6 4. d4 cxd4 5. Nxd4 d5 6. g3 Nxd4 7. Qxd4 dxc4 8. Qxc4 Be6 9. Qb5+ Qd7 10. Bg2 a6 11. Qxb7 Qxb7 12. Bxb7 Ra7 13. Bc6+ Bd7 14. Bxd7+ Rxd7 15. 0-0 e6 16. Bf4 Bb4 17. Rfd1 Bxc3 18. bxc3 Nd5 19. c4 Nxf4 20. gxf4 Ke7 21. Rxd7+ Kxd7 22. Rc1 Kc6 23. e3 Rb8 24. Rc3 Kc5 25. Ra3 Kxc4 26. Rxa6 Rb7 27. Kg2 Kb5 28. Ra3 Re7 29. Kf3 f5 30. Ra8 h6 31. Kg3 Kc4 32. Rd8 g5 33. Rh8 gxf4+ 34. Kxf4 Kd3 35. Rxh6 Ke2 36. f3 e5+ 37. Kxf5 Kxe3 38. Rh3 Kf2 39. Ke4 Ra7 40. Kxe5 Ra5+ 41. Ke4 Ra4+ 42. Kf5 Kg2 43. Rg3+ Kxh2 44. Rg8 Ra5+ 45. Kg4 Rxa2 46. Rh8+ Kg2 47. f4 Ra4 48. Rb8 Kf2 49. Rb3 Ra8 50. f5 Rf8 51. Kg5 1-0